Aïda / (Record no. 218)
[ view plain ]
| 000 -LEADER | |
|---|---|
| fixed length control field | 01549pam a2200373 a 4500 |
| 005 - DATE AND TIME OF LATEST TRANSACTION | |
| control field | 20260322212011.0 |
| 008 - FIXED-LENGTH DATA ELEMENTS--GENERAL INFORMATION | |
| fixed length control field | data |
| 010 ## - LIBRARY OF CONGRESS CONTROL NUMBER | |
| LC control number | 89036481 |
| 020 ## - INTERNATIONAL STANDARD BOOK NUMBER | |
| International Standard Book Number | 015200405X (lib. bdg.) : |
| Terms of availability | {dollar}16.95 |
| 020 ## - INTERNATIONAL STANDARD BOOK NUMBER | |
| International Standard Book Number | 9780152004057 (lib. bdg.) : |
| Terms of availability | {dollar}16.95 |
| 040 ## - CATALOGING SOURCE | |
| Original cataloging agency | DLC |
| Transcribing agency | DLC |
| Modifying agency | DLC |
| 050 00 - LIBRARY OF CONGRESS CALL NUMBER | |
| Classification number | ML3930.V4 |
| Item number | P7 1990 |
| 082 00 - DEWEY DECIMAL CLASSIFICATION NUMBER | |
| Classification number | 782.1/026/9 |
| Edition information | 20 |
| 092 ## - LOCALLY ASSIGNED DEWEY CALL NUMBER (OCLC) | |
| Classification number | 782.1 V4 1990 |
| 001 - CONTROL NUMBER | |
| control field | data |
| 100 1# - MAIN ENTRY--PERSONAL NAME | |
| Personal name | Price, Leontyne. |
| 245 10 - TITLE STATEMENT | |
| Title | Aïda / |
| Statement of responsibility, etc. | Leontyne Price ... [et al.]. |
| 250 ## - EDITION STATEMENT | |
| Edition statement | 1st ed. |
| 260 ## - PUBLICATION, DISTRIBUTION, ETC. | |
| Place of publication, distribution, etc. | San Diego : |
| Name of publisher, distributor, etc. | Harcourt Brace Jovanovich, |
| Date of publication, distribution, etc. | c1990. |
| 300 ## - PHYSICAL DESCRIPTION | |
| Extent | [32] p. : |
| Other physical details | col. ill. ; |
| Dimensions | 29 cm. |
| 500 ## - GENERAL NOTE | |
| General note | "Gulliver books." |
| 500 ## - GENERAL NOTE | |
| General note | "Based on the opera by Giuseppe Verdi." |
| 520 ## - SUMMARY, ETC. | |
| Summary, etc. | Retells the story of Verdi's opera in which the love of the enslaved Ethiopian princess for an Egyptian general brings tragedy to all involved. |
| 600 10 - SUBJECT ADDED ENTRY--PERSONAL NAME | |
| Personal name | Verdi, Giuseppe, |
| Dates associated with a name | 1813-1901. |
| Title of a work | Aïda |
| Form subdivision | Juvenile literature. |
| 600 11 - SUBJECT ADDED ENTRY--PERSONAL NAME | |
| Personal name | Verdi, Giuseppe, |
| Dates associated with a name | 1813-1901. |
| Title of a work | Aïda. |
| 650 #1 - SUBJECT ADDED ENTRY--TOPICAL TERM | |
| Topical term or geographic name entry element | Operas |
| General subdivision | Stories, plots, etc. |
| 700 1# - ADDED ENTRY--PERSONAL NAME | |
| Personal name | Dillon, Leo, |
| Relator term | ill. |
| 700 1# - ADDED ENTRY--PERSONAL NAME | |
| Personal name | Dillon, Diane, |
| Relator term | ill. |
| 700 1# - ADDED ENTRY--PERSONAL NAME | |
| Personal name | Verdi, Giuseppe, |
| Dates associated with a name | 1813-1901. |
| Title of a work | Aïda. |
| 856 42 - ELECTRONIC LOCATION AND ACCESS | |
| Materials specified | Publisher description |
| Uniform Resource Identifier | <a href="http://www.loc.gov/catdir/description/har021/89036481.html">http://www.loc.gov/catdir/description/har021/89036481.html</a> |
| 906 ## - LOCAL DATA ELEMENT F, LDF (RLIN) | |
| a | 7 |
| b | cbc |
| c | orignew |
| d | 1 |
| e | ocip |
| f | 19 |
| g | y-gencatlg |
| 991 ## - | |
| -- | c-Music |
| -- | ML3930.V4 |
| -- | P7 1990 |
| -- | Copy 1 |
| -- | BOOKS |
| Withdrawn status | Lost status | Damaged status | Not for loan | Home library | Current library | Shelving location | Date acquired | Total checkouts | Full call number | Barcode | Date last seen | Price effective from | Koha item type |
|---|---|---|---|---|---|---|---|---|---|---|---|---|---|
| Centerville | Centerville | General stacks | 22/03/2026 | 782.1/026/9 20 | BC0010226 | 22/03/2026 | 22/03/2026 | Books |